| 000 | 00629nam a2200229 a 4500 | ||
|---|---|---|---|
| 001 | BRCA_6130 | ||
| 005 | 20190320205338.0 | ||
| 008 | 040711s1800----fr-#######---#000-0#fre-# | ||
| 041 | _afre | ||
| 044 | _afr | ||
| 050 | 4 |
_aJC179 _b.M72 _c1800 |
|
| 245 | 1 | 0 |
_aDe L´esprit des Louis. _cpar Montesquieu. |
| 260 |
_aParís _bGarnier Frères _c[18--?] |
||
| 300 |
_a680 p. _c19 cm. |
||
| 500 | _aIncluye tabla de materias | ||
| 500 | _aI35 | ||
| 650 | 1 | 4 |
_aLeyes _xFilosofía _915466 |
| 650 | 1 | 4 |
_aJurisprudencia _zParís _915467 |
| 650 | 1 | 4 |
_aMontesquieu, Charles de Secondat. _y1689-1755. _915468 |
| 902 | _aGFM | ||
| 942 |
_2lcc _cB |
||
| 999 |
_c5817 _d5817 |
||